00553nam a2200181 a 4500008004100000020001500041050001600056100001900072245004900091246003600140260003600176300001300212350000900225500006600234650001500300650002700315650002900342120416s1991 ||||||||||||||||| || u a0803983530 aHD 58.7 Hol aHollway, Wendy10aWork psychology and organizational behaviour amanaging the individual at work aLondonbSAGE Publicationsc1991 ax, 208p. a0.00 aIncludes bibliographical references (p. [191]-199) and index. 0aMANAGEMENT 0aPSYCHOLOGY--INDUSTRIAL aORGANIZATIONAL BEHAVIOUR